000 00837nam a2200277 i 4500
003 OSt
005 20251202151112.0
008 251202t20242024nyu jr 000 1 eng
020 _a9781454953555
_qpaperback
_cRM 55.61
040 _aPPAK
_beng
_cPPAK
_erda
082 0 4 _a823.8
_223
090 0 0 _a823.8
_bKIP
_dK
100 1 _aKipling, Rudyard,
_d1865-1936,
_eauthor.
245 1 4 _aTHE JUNGLE BOOK & JUST SO STORIES /
_cRUDYARD KIPLING
264 1 _aNew York :
_bUNION SQUARE KIDS,
_c2024
264 4 _c©2024
300 _a289 pages ;
_c21 cm
336 _atext
_2rdacontent
337 _aunmediated
_2rdamedia
338 _avolume
_2rdacarrier
490 1 _aSIGNATURE CLASSICS
650 1 0 _aChildren's stories.
650 2 0 _aAnimals
_vJuvenile fiction.
830 0 _aSignature classics
942 _2ddc
_cB
999 _c201920
_d201920